000 00360nam a2200145Ia 4500
008 240624s9999 xx 000 0 und d
041 _aeng
082 _a330.954 MIS
100 _aMISRA S K
245 _aINDIAN ECONOMY
250 _a(26th ed.)
260 _c2007
_aMumbai
_bHimalaya Publishing House
300 _axxi, : 847 : p. : cm. ; 28
365 _cRS
_b25
999 _c9559
_d9559